000 00801nab a2200241 u 4500
001 11173
003 HDC
007 cr bn ---aaaaa
008 210206c99991127 |r|noo 0 a eng d
040 _aHDC
110 _aBeirut Business Report
245 0 _aAbu Faour battles on with food purges
260 _a[no place] :
_b[publisher not identified],
_c[no year]
336 _atext
_2rdacontent
337 _acomputer
_2rdamedia
338 _aonline resource
_2rdacarrier
650 _afood safety standards
_910737
650 _afood safety violations
_911418
856 _zRequest full-text at [email protected]
942 _2lcc
942 _cNEWS
942 _kNWSO 001271
999 _c8496
_d8496